000 00288nam a22001337a 4500
008 170920b xxu||||| |||| 00| 0 eng d
020 _a0809464004
041 _aeng
080 _a7
100 _a45
101 _aART
245 _aTIMEFRAME 3000-1500 BC
_cMCNEIL, J.R
942 _2udc
_cBK
999 _c28432
_d28432